000 00579nam a2200229Ia 4500
003 OSt
005 20220928135923.0
006 a|||||r|||| 00| 0
007 ta
008 220927b |||||||| |||| 00| 0 eng d
024 _a5536
037 _cTextual
040 _aSDCL
_cSDCL
_beng
041 _2eng
_aeng
082 _aB, M2
100 _aHilton Peter J
_9493224
245 0 _aNew direction in applied mathematics
260 _c1982
700 _a Young Gail S
_9493225
942 _hB, M2
_cTEXL
_2CC
999 _c808994
_d808994